| 000 | 00614nam a2200157 a 4500 | ||
|---|---|---|---|
| 001 | 000027942 | ||
| 005 | 20200930031223.0 | ||
| 008 | 110405s2002 dr a 000 0 spa d | ||
| 040 |
_aDO-SdBNP _bspa _cBNPHU |
||
| 100 | 1 |
_aRomero, Mirta Juliana _955006 |
|
| 245 | 1 | 3 |
_aEl negro y lo negro como tema en la literatura venezolana de la primera mitad del siglo XX : _bla novela Cumboto de Ramón Díaz Sánchez / _cMirta Juliana Romero. |
| 260 |
_aSanto Domingo : _bINDAASEL _bSEE, _c2002. |
||
| 300 |
_a36 P. : _bil. ; _c22 cm. |
||
| 710 | 2 |
_aInstituto Dominicano de Estudios Africanos y Asociación _955007 |
|
| 049 | _aBNPD | ||
| 999 |
_c27434 _d27434 |
||